Principles of helicopter aerodynamics / (Record no. 23754)

000 -LEADER
fixed length control field 01493cam a22003494a 4500
001 - CONTROL NUMBER
control field 14096510
003 - CONTROL NUMBER IDENTIFIER
control field NUST
005 - DATE AND TIME OF LATEST TRANSACTION
control field 20170607105455.0
008 - FIXED-LENGTH DATA ELEMENTS--GENERAL INFORMATION
fixed length control field 050902s2006 enka b 001 0 eng
010 ## - LIBRARY OF CONGRESS CONTROL NUMBER
LC control number 2005025467
015 ## - NATIONAL BIBLIOGRAPHY NUMBER
National bibliography number GBA604210
Source bnb
016 7# - NATIONAL BIBLIOGRAPHIC AGENCY CONTROL NUMBER
Record control number 013354557
Source Uk
020 ## - INTERNATIONAL STANDARD BOOK NUMBER
International Standard Book Number 0521858607
020 ## - INTERNATIONAL STANDARD BOOK NUMBER
International Standard Book Number 9780521858601
035 ## - SYSTEM CONTROL NUMBER
System control number (OCoLC)ocm61463625
040 ## - CATALOGING SOURCE
Original cataloging agency DLC
Transcribing agency RCMS
Modifying agency BAKER
-- C#P
-- UKM
-- DLC
042 ## - AUTHENTICATION CODE
Authentication code pcc
050 00 - LIBRARY OF CONGRESS CALL NUMBER
Classification number TL716
Item number .L43 2006
082 00 - DEWEY DECIMAL CLASSIFICATION NUMBER
Classification number 629.133/352 LEI
Edition number 22
100 1# - MAIN ENTRY--PERSONAL NAME
Personal name Leishman, J. Gordon.
9 (RLIN) 2122
245 10 - TITLE STATEMENT
Title Principles of helicopter aerodynamics /
Statement of responsibility, etc. J. Gordon Leishman.
250 ## - EDITION STATEMENT
Edition statement 2nd ed.
260 ## - PUBLICATION, DISTRIBUTION, ETC.
Place of publication, distribution, etc. Cambridge ;
-- New York :
Name of publisher, distributor, etc. Cambridge University Press,
Date of publication, distribution, etc. 2006.
300 ## - PHYSICAL DESCRIPTION
Extent xxxvii, 826 p. :
Other physical details ill. ;
Dimensions 27 cm.
440 #0 - SERIES STATEMENT/ADDED ENTRY--TITLE
Title Cambridge aerospace series ;
Volume/sequential designation 18
9 (RLIN) 1803
504 ## - BIBLIOGRAPHY, ETC. NOTE
Bibliography, etc. note Includes bibliographical references and index.
538 ## - SYSTEM DETAILS NOTE
Display text Shelf No 1 Row No 3
650 #0 - SUBJECT ADDED ENTRY--TOPICAL TERM
Topical term or geographic name entry element Helicopters
General subdivision Aerodynamics.
9 (RLIN) 2123
856 41 - ELECTRONIC LOCATION AND ACCESS
Materials specified Table of contents
Uniform Resource Identifier <a href="http://www.loc.gov/catdir/toc/ecip0518/2005025467.html">http://www.loc.gov/catdir/toc/ecip0518/2005025467.html</a>
856 42 - ELECTRONIC LOCATION AND ACCESS
Materials specified Publisher description
Uniform Resource Identifier <a href="http://www.loc.gov/catdir/enhancements/fy0633/2005025467-d.html">http://www.loc.gov/catdir/enhancements/fy0633/2005025467-d.html</a>
856 42 - ELECTRONIC LOCATION AND ACCESS
Materials specified Contributor biographical information
Uniform Resource Identifier <a href="http://www.loc.gov/catdir/enhancements/fy0733/2005025467-b.html">http://www.loc.gov/catdir/enhancements/fy0733/2005025467-b.html</a>
906 ## - LOCAL DATA ELEMENT F, LDF (RLIN)
a 7
b cbc
c orignew
d 1
e ecip
f 20
g y-gencatlg
942 ## - ADDED ENTRY ELEMENTS (KOHA)
Source of classification or shelving scheme
Koha item type Book
Holdings
Withdrawn status Lost status Source of classification or shelving scheme Damaged status Not for loan Permanent Location Current Location Shelving location Date acquired Total Checkouts Full call number Barcode Date last seen Date last checked out Price effective from Koha item type
          Central Library (CL) Central Library (CL) General Stacks 01/06/2014 1 629.133 LEI RCMS002634 05/27/2019 04/28/2019 01/06/2014 Book
© 2023 Central Library, National University of Sciences and Technology. All Rights Reserved.